Resource guide for rural development : handbook for accessing government and private funding sources /

Bibliographic Details
Corporate Author: National Rural Center (Washington, D.C.)
Other Authors: Newlin, Larry
Format: Book
Language:English
Published: Washington, D.C. : National Rural Center, 1978.
Series:NRC publications series ; v. 8.
Subjects:

MARC

Tag First Indicator Second Indicator Subfields
LEADER 00000cam a2200000 a 4500
001 in00000097553
005 20150924085226.0
008 790504s1978 dcu 00000 eng d
035 |a (OCoLC)04926026 
035 |9 AAK9176AM 
040 |a KUK  |c KUK  |d TXA  |d UtOrBLW 
043 |a n-us--- 
049 |a TXAM  |c 1 [1655943], 2 [1655944] 
090 |a HN90 C6  |b  R4 
245 0 0 |a Resource guide for rural development :  |b handbook for accessing government and private funding sources /  |c edited by Larry Newlin ; prepared by Kathryn Baker, Larry Newlin, Barbara Stephens. 
264 1 |a Washington, D.C. :  |b National Rural Center,  |c 1978. 
300 |a iv, 149 pages ;  |c 28 cm. 
336 |a text  |b txt  |2 rdacontent 
337 |a unmediated  |b n  |2 rdamedia 
338 |a volume  |b nc  |2 rdacarrier 
490 1 |a NRC publications series ;  |v v. 8 
650 0 |a Rural development  |z United States. 
650 0 |a Economic assistance, Domestic  |z United States. 
700 1 |a Newlin, Larry. 
710 2 |a National Rural Center (Washington, D.C.) 
830 0 |a NRC publications series ;  |v v. 8. 
999 |a MARS 
999 f f |s 5baf9bfe-90b2-3c89-84e9-ba3919164c04  |i c06380a4-2822-3d71-91fd-d0a51208232c  |t 0 
952 f f |p ric  |a Texas A&M University  |b Rellis Campus  |c Joint Library Facility  |d Remote Storage  |t 0  |e HN90 C6 R4  |h Library of Congress classification  |i unmediated -- volume  |m A14806017531 
998 f f |a HN90 C6 R4  |t 0  |l Remote Storage